| 000 | 00381nam a2200133Ia 4500 | ||
|---|---|---|---|
| 008 | 211109s9999||||xx |||||||||||||| ||und|| | ||
| 082 |
_a894.8121 _bSAC-E |
||
| 100 | _aSachidanandan, K | ||
| 245 | 0 | _aEvanekkooti | |
| 260 |
_bD c Books _aKottayam _c1987 |
||
| 630 | _xGENERAL STACK | ||
| 650 |
_aMalayalam literature _vMalayalam poetry _xLiterature & rhetoricMalayalam |
||
| 942 | _cBOOK | ||
| 999 |
_c44990 _d44990 |
||